Statistiques concernant Culture Générale - Série 2339

Cliquez ici pour prendre le quiz!

Statistiques générales

  • Ce quiz a été pris 96 fois
  • Le résultat moyen est 3 sur 10

Statistiques - réponses

QuestionRéponse% Correct
Par quel nom d'instrument de pesée désigne-t-on un indic de Police ?balance
92%
Par quel nom familier désigne-ton le pou ?toto
36%
Sur pays s'étend principalement la zone humide appelée "Pantanal" ?Brésil
35%
Composant naturel du raisin, contenu dans la peau, les pépins ou la partie ligneuse de la grappetanin
23%
Quelle est la septième plus grande île au monde située dans l'océan indien et pacifique ?Sumatra
22%
Sous quel prénom et nom connait-on mieux l'actrice Julie Anne Smith, connue pour son rôle du docteur Sarah Harding dans le 2ème opus de la série de films Jurassic Park ? voir photoJulianne Moore
21%
Dans le langage familier, quel adjectif de 5 lettres commençant par " m " signifie "fatigué-épuisé" ?moulu
19%
Quelle rivière arrose la ville d'Evreux (27) ?Iton
15%
Palais ou harem d'un prince de l'Empire Ottomansérail
14%
Nœud à boucles d'un ruban ou Insigne du grade d'officier, dans certains ordres (décoration).rosette
5%

Distribution des résultats

Percentile par nombre de réponses

% des personnes avec chaque résultat

Votre développement - résultats

Vous n’avez pas pris ce quiz